| 000 | 00960nam a22002657a 4500 | ||
|---|---|---|---|
| 003 | DO-SdBNP | ||
| 005 | 20250321073607.0 | ||
| 007 | ta | ||
| 008 | 210907b2018 dr a|||| |||| 00| 0 spa d | ||
| 020 | _a9789945609110 | ||
| 040 |
_aDO-SdBNP _bspa _cBNPHU _erda |
||
| 082 | 4 |
_aRD863.5 _bB142b _222 |
|
| 100 | 1 |
_aBáez Martínez, Patricia, _d1975- _979782 _eautor |
|
| 245 | 1 | 0 |
_aBurbujas en el tiempo / _cPatricia Báez Martínez ; prólogo, Rafael Peralta Romero. |
| 260 |
_aSanto Domingo : _bBúho, _c2018. |
||
| 300 |
_a91 p. : _bil, ; _c23 cm. |
||
| 500 | _aIncluye datos biográficos de la autora en la solapa de la cubierta. | ||
| 500 | _aLa biblioteca posee 1 ejemplar autografiado por la autora. | ||
| 590 | _aInventariado, 2021 /LP | ||
| 650 | 0 |
_aNovela dominicana _9223 |
|
| 650 | 4 |
_aLiteratura dominicana _979803 |
|
| 700 | 1 |
_aPeralta Romero, Rafael, _d1948- _eprólogo _979774 |
|
| 910 | _aValidado. Control de calidad MFF | ||
| 942 |
_2ddc _cLBS1 |
||
| 999 |
_c50437 _d50437 |
||